Statystyki dla 5 największych wysp na oceanie Indyjskim

Kliknij tutaj aby rozwiązać quiz!

Ogólne statystyki

  • Ten quiz został rozwiązany 15 razy
  • Średni wynik to 3 z 5

Statystyki odpowiedzi

PaństwoWyspa% Poprawnych
MadagaskarMadagaskar
100%
Indonezja,malezja,
Brunei
Borneo
69%
Sri lankaCejlon
62%
IndonezjaSumatra
54%
IndieWyspa {Andamańska}
0%

Rozkład punktacji

Percentyl według liczby udzielonych odpowiedzi

Procent ludzi z każdym wynikiem

Twoja historia wyników

Nie rozwiązałeś tego quizu